Nihon shihonshuji no shomondai /
Saved in:
| Main Author: | |
|---|---|
| Format: | Book |
| Language: | Japanese |
| Published: |
Tōkyō :
Shiseidō,
Shōwa 33 [1958]
|
| Edition: | [Shinban] |
| Subjects: | |
| Tags: |
Add Tag
No Tags, Be the first to tag this record!
|
| LEADER | 00970cam a2200289 i 4500 | ||
|---|---|---|---|
| 001 | 007777772-7 | ||
| 005 | 20024617115958.0 | ||
| 008 | 890711s1958 ja a b 000 0 jpn | ||
| 010 | |a j 59000294 | ||
| 035 | 0 | |a ocm23318598 | |
| 040 | |a DLC |c MiU |d OCoLC |d *YNH* |d CStRLIN | ||
| 043 | |a a-ja--- | ||
| 050 | 0 | 0 | |a HC462.9 |b .S2 |
| 100 | 1 | |6 880-01 |a Sakisaka, Itsurō, |d 1897- | |
| 245 | 1 | 0 | |6 880-02 |a Nihon shihonshuji no shomondai / |c Sakisaka Itsurō cho. |
| 250 | |6 880-03 |a [Shinban] | ||
| 260 | |6 880-04 |a Tōkyō : |b Shiseidō, |c Shōwa 33 [1958] | ||
| 300 | |a 14, 293 p. : |b tables ; |c 22 cm. | ||
| 504 | |a Bibliographical footnotes. | ||
| 651 | 0 | |a Japan |x Economic conditions |y 1945- | |
| 650 | 0 | |a Agriculture |x Economic aspects |z Japan. | |
| 880 | 1 | |6 100-01 |a 向坂逸郎, |d 1897- | |
| 880 | 1 | 0 | |6 245-02 |a 日本資本主義の諸問題 / |c 向坂逸郎著. |
| 880 | |6 250-03 |a [新版] | ||
| 880 | |6 260-04 |a 東京 : |b 至誠堂, |c 昭和33 [1958] | ||
| 988 | |a 20021214 | ||
| 906 | |0 DLC | ||


